Pribory kinematičeskogo kontrolja /

Uloženo v:
Podrobná bibliografie
Hlavní autor: Ionak, Valentin Filippovič
Médium: Kniha
Jazyk:ruština
Vydáno: Moskva : Mašinostrojenije, 1981
On-line přístup: Získat plný text
Tagy: Přidat tag
Žádné tagy, Buďte první, kdo vytvoří štítek k tomuto záznamu!

MARC

LEADER 00000nam a2200000 4500
003 SK-BrCVT
005 20220617204845.0
008 021002s1981 rur e ||||||rus d
035 |a CVTIDW0965475 
040 |b slo  |a CVTI SR 
041 0 |a rus 
044 |a rur 
080 |a 621.9.06:62-231  |2 UDC-MRF 
100 1 |a Ionak, Valentin Filippovič 
242 1 0 |a Prístroje na kinematickú kontrolu 
245 1 0 |a Pribory kinematičeskogo kontrolja /  |c Valentin Filippovič Ionak 
260 |a Moskva :  |b Mašinostrojenije,  |c 1981 
300 |a 128 s. 
692 |a ZH JM MM 
910 |b A401981 
974 |f Knihy 
992 |a AMG 
999 |c 119602  |d 119602